El manejo de la iguana verde: (Registro nro. 3235)

Detalles MARC
000 -CABECERA
Campo de control 00710nam a2200229 a 4500
005 - FECHA Y HORA DE LA ULTIMA TRANSACCION
Campo de control 20171205122921.0
008 - ELEMENTOS DE LONGITUD FIJA—INFORMACION GENERAL
Campo de control 140310b1993 cr d|||fr|||| 00| 0 spa d
020 ## - ISBN
ISBN 9968727008
040 ## - FUENTE DE CATALOGACIÓN
Agencia catalogadora original CO-BoIAVH
Agencia transcriptora CO-BoIAVH
041 ## - IDIOMA
Código de idioma para texto/pista de sonido o título separado Español
044 ## - PAÍS DE PUBLICACIÓN
País de publicación Costa Rica
082 10 - NUMERO DE CLASIFICACION DECIMAL DEWEY
Número de clasificación 597.954
Número del ítem W49m
100 10 - ASIENTO PRINCIPAL--NOMBRE PERSONAL
Nombre personal Werner, Dagmar
9 (RLIN) 44990
245 13 - MENCION DE TITULO
Título El manejo de la iguana verde:
Parte restante del título tomo 2
260 ## - PUBLICACION, DISTRIBUCION, ETC. (PIE DE IMPRENTA)
Lugar de publicación, distribución, etc. San José, Costa Rica:
Nombre del editor, distribuidor, etc. Sociedad Periodística BUNI,
Fecha de publicación, distribución, etc. 1993.
300 ## - DESCRIPCION FISICA
Extensión 24 páginas ; 2, 3, 4 y 5 volúmenes.
Otros detalles físicos Gráficas
Dimensiones 21 x 14 cm.
650 16 - ASIENTO SECUNDARIO DE MATERIA - TERMINO TEMATICO
Término temático o nombre geográfico como elemento de entrada Iguanas
9 (RLIN) 12966
650 16 - ASIENTO SECUNDARIO DE MATERIA - TERMINO TEMATICO
Término temático o nombre geográfico como elemento de entrada Recursos naturales
Subdivisión general conservación
9 (RLIN) 87640
700 1# - ASIENTO SECUNDARIO - NOMBRE PERSONAL
Nombre personal Rey, Daisy
9 (RLIN) 44992
700 1# - ASIENTO SECUNDARIO - NOMBRE PERSONAL
Nombre personal Ortuño, Ana María
9 (RLIN) 44993
942 ## - ELEMENTOS ADICIONALES (KOHA)
Tipo de ítem Libro
Sistema de clasificación Dewey Decimal Classification
Existencias
Withdrawn status Lost status Sistema de Clasificación Damaged status No para préstamo Colección Inventariado Ubicación Permanente Ubicación actual Fecha de adquisición Fuente de Valor Valor Total Checkouts Número topográfico Inventario / Código de Barras Date last seen Ejemplar Price effective from Tipo de material Public note Forma de adquisición
    Dewey Decimal Classification     General Inventariado 2017 Bogotá Bogotá 10/04/2003 Instituto 39000.00   LB-597.954 W49m2 003502 04/12/2012 V.2 Ej.1 04/12/2012 Libro La iguana verde en el patio campesino  
    Dewey Decimal Classification     General Inventariado 2017 Bogotá Bogotá 10/04/2003 Instituto 39000.00   LB-597.954 W49m4 003504 04/12/2012 V.4 Ej.1 04/12/2012 Libro Consideraciones económicas  
    Dewey Decimal Classification     General Inventariado 2017 Sala Fabio Quevedo Sala Fabio Quevedo 10/04/2003 Instituto 39000.00   LB-597.954 W49m4 003503 28/06/2013 V.3 Ej.1 04/12/2012 Libro Los Arboles para cercas, leña y rompevientos Donación
    Dewey Decimal Classification     General Inventariado 2017 Sala Fabio Quevedo Sala Fabio Quevedo 10/04/2003 Instituto 39000.00   LB-597.954 W49m4 003505 04/12/2012 V.5 Ej.1 04/12/2012 Libro   Donación